| 000 | 01607pam a2200445 a 4500 | ||
|---|---|---|---|
| 005 | 20260322212009.0 | ||
| 006 | data | ||
| 007 | data | ||
| 008 | data | ||
| 020 | _a1557981442 (print) | ||
| 020 | _a9781557981448 (print) | ||
| 040 |
_aCtY-M _cCtY-M |
||
| 050 | 4 |
_aBF76.8 _b.R43 1991 |
|
| 090 | _aBF 76.8 R324L 1992 | ||
| 100 | 1 |
_aReed, Jeffrey G., _d1948- |
|
| 245 | 1 | 0 |
_aLibrary use _h[electronic resource] : _ba handbook for psychology / _cJeffrey G. Reed and Pam M. Baxter. |
| 250 | _a2nd ed. | ||
| 260 |
_aWashington, DC : _bAmerican Psychological Association, _cc1992. |
||
| 504 | _aIncludes bibliographical references and index. | ||
| 506 | _aAccess restricted by licensing agreement. | ||
| 516 | _aElectronic book. | ||
| 530 | _aAlso available in print. | ||
| 538 | _aMode of access: world wide web. | ||
| 550 | _aMade available through: American Psychological Association's PsyBooks Collection. | ||
| 590 | _aIn library storage. | ||
| 590 | _aIncludes bibliographical references and index. | ||
| 650 | 0 | _aPsychological literature. | |
| 650 | 0 |
_aPsychology _xLibrary resources. |
|
| 650 | 0 |
_aPsychology _xResearch. |
|
| 650 | 2 | _aDatabases, Bibliographic. | |
| 650 | 2 | _aLibraries. | |
| 650 | 2 | _aPsychology. | |
| 650 | 2 |
_aReference Books _vBibliography. |
|
| 650 | 2 |
_aResearch _xmethods. |
|
| 700 | 1 |
_aBaxter, Pam M., _d1955- |
|
| 710 | 2 | _aAmerican Psychological Association. | |
| 776 | 1 |
_tLibrary use (print) _w(OCoLC) 24550195 _w(OCoLC) 24550195 |
|
| 856 | 4 | 0 | _uhttp://gateway.ovid.com/ovidweb.cgi?T=JS&NEWS=N&PAGE=toc&SEARCH=1992-97184.dd&LINKTYPE=asBody&D=psbk |
| 001 | data | ||
| 999 |
_c174 _d174 |
||